000 00710nam a22002177a 4500
001 77038
003 UA-OsUOA
005 20220201225854.0
007 ta
008 20110830b un ||||| |||| 00| 0 ukr d
040 _aUA-OsUOA
_bukr
_cUA-OsUOA
_dUA-OsUOA
041 _aukr
080 _a340
090 _a340
_bП68
245 _aПравознавство: терміни, афоризми, прислів'я
_cупоряд. П. М. Рабінович, В. І. Ваксман
260 _aЛьвів
_c1995
300 _a94 с.
650 7 _a340 Право в цілому. Пропедевтика. Методи та допоміжні правничі науки
_2UDC
942 _cBK
_2udc
955 _a2
999 _c363350
_d363350